| 000 | 00675nam a22002297a 4500 | ||
|---|---|---|---|
| 001 | 000627 | ||
| 003 | DO-SdBNP | ||
| 005 | 20180205133507.0 | ||
| 007 | 000627 | ||
| 008 | 161101b 1973 sp a ||||| |||| 00| 0 spa d | ||
| 020 | _a8430509127 | ||
| 040 |
_aBPMSU _bspa _cBPMSU |
||
| 100 | 1 | _aSantilli, Grazia | |
| 245 | 1 | 0 |
_aMis amigos los gatos : _bhamster, ratón blanco, tortugas, ardillas / _cGrazia Santilli. |
| 260 |
_aMadrid : _bEdiciones Susaeta, _c1973. |
||
| 300 |
_a47 p. : _bil. ; _c28 cm. |
||
| 490 | 1 |
_aPrimavera _v2 |
|
| 830 | 0 |
_aPrimavera ; _v2 |
|
| 942 |
_2ddc _cBK |
||
| 945 | _aInventariado, 2018/MFF | ||
| 956 |
_2LOPEREZ _310 _620161101 _8BPMSU _a00041 |
||
| 999 |
_c11740 _d11740 |
||